1225 1866 1404 1089 1139 1189 1204 1566 1429 1370 1893 1248 1724 1704 1761 1918 1003 1267 1772 1344 1491 1083 1775 1227 1685 1072 1399 1147 1925 1282 1498 1672 1983 1910 1295 1666 1787 1481 1399 1766 1306 1661 1158 1828 1658 1769 1309 1659 1379 1047 1822 1460 1463 1170 1650 1945 1774 1661 1413 1015 1599 1227 1225 1201 1454 1279 1962 1886 1681 1285 1993 1286 1837 1699 1436 1320 1499 1945 1434 1328 1394 1164 1346 1780 1106 1357 1295 1865 1591 1381 1277 1063 1249 1500 1152 1572 1435 1902 1787 BCNSPRNW ULIB Ver.6.0+V

เปลี่ยนเป็นภาษาไทย

Change to English
 แสดงรายละเอียดบรรณานุกรม
  กลับหน้าหลัก

Brief Record : Get Marc (ISO 2709) : E-mail record : QR code < ปิดหน้าต่าง
LEADER : 00000nam 2200000uu 4500
001    13399126033
003     ULIB
008    180507s2560||||th 000 0 tha d
020    ^a9786163981905
060    ^aWY159^bพ722ก
100    ^aพิมพาภรณ์ กลั่นกลิ่น
245    ^aการพยาบาลเด็กเพื่อการสร้างเสริมสุขภาพ/พิมพาภรณ์ กลั่นกลิ่น
260    ^aเชียงใหม่ :^bคณะพยาบาลศาสตร์ มหาวิทยาลัยเชียงใหม่,^c2560
300    ^a237 หน้า
650    ^aการพยาบาลเด็ก^xการสร้างเสริมสุขภาพ
945    ^p200^l0^i25768
945    ^p200^l0^i25769
945    ^p200^l0^i25770
945    ^p200^l0^i25771
945    ^p200^l0^i25772
945    ^p200^l0^i25773
945    ^p200^l0^i25774
945    ^p200^l0^i25775
945    ^p200^l0^i25776
945    ^p200^l0^i25777
999    ^aกัณชพร
รายการนี้ยังไม่มีแท็ก
คุณยังไม่ได้ล็อกอิน คุณสามารถมีกิจกรรมร่วมกับเว็บไซต์ได้ แต่ต้องล็อกอินก่อน ::
  ล็อกอิน

รายการสื่อสารสนเทศ

ลำดับที่ ประเภท เลขเรียก/บาร์โค้ด สถานที่ สถานะ
1. หนังสือสำรอง
หนังสือสำรอง
WY159 พ722ก ฉ.1 
  Barcode: 25768
ห้องสมุดวิทยาเขตสวรรค์ประชารักษ์
►หนังสือทั่วไป
บนชั้น
2. วิทยาศาสตร์การแพทย์ และสุขภาพ
วิทยาศาสตร์การแพทย์ และสุขภาพ
WY159 พ722ก ฉ.10 
  Barcode: 25777
ห้องสมุดวิทยาเขตสวรรค์ประชารักษ์
►หนังสือทั่วไป
บนชั้น
3. วิทยาศาสตร์การแพทย์ และสุขภาพ
วิทยาศาสตร์การแพทย์ และสุขภาพ
WY159 พ722ก ฉ.2 
  Barcode: 25769
ห้องสมุดวิทยาเขตสวรรค์ประชารักษ์
►หนังสือทั่วไป
บนชั้น
4. วิทยาศาสตร์การแพทย์ และสุขภาพ
วิทยาศาสตร์การแพทย์ และสุขภาพ
WY159 พ722ก ฉ.3 
  Barcode: 25770
ห้องสมุดวิทยาเขตสวรรค์ประชารักษ์
►หนังสือทั่วไป
บนชั้น
5. วิทยาศาสตร์การแพทย์ และสุขภาพ
วิทยาศาสตร์การแพทย์ และสุขภาพ
WY159 พ722ก ฉ.4 
  Barcode: 25771
ห้องสมุดวิทยาเขตสวรรค์ประชารักษ์
►หนังสือทั่วไป
บนชั้น
6. วิทยาศาสตร์การแพทย์ และสุขภาพ
วิทยาศาสตร์การแพทย์ และสุขภาพ
WY159 พ722ก ฉ.5 
  Barcode: 25772
ห้องสมุดวิทยาเขตสวรรค์ประชารักษ์
►หนังสือทั่วไป
บนชั้น
7. วิทยาศาสตร์การแพทย์ และสุขภาพ
วิทยาศาสตร์การแพทย์ และสุขภาพ
WY159 พ722ก ฉ.6 
  Barcode: 25773
ห้องสมุดวิทยาเขตสวรรค์ประชารักษ์
►หนังสือทั่วไป
บนชั้น
8. วิทยาศาสตร์การแพทย์ และสุขภาพ
วิทยาศาสตร์การแพทย์ และสุขภาพ
WY159 พ722ก ฉ.7 
  Barcode: 25774
ห้องสมุดวิทยาเขตสวรรค์ประชารักษ์
►หนังสือทั่วไป
บนชั้น
9. วิทยาศาสตร์การแพทย์ และสุขภาพ
วิทยาศาสตร์การแพทย์ และสุขภาพ
WY159 พ722ก ฉ.8 
  Barcode: 25775
ห้องสมุดวิทยาเขตสวรรค์ประชารักษ์
►หนังสือทั่วไป
บนชั้น
10. วิทยาศาสตร์การแพทย์ และสุขภาพ
วิทยาศาสตร์การแพทย์ และสุขภาพ
WY159 พ722ก ฉ.9 
  Barcode: 25776
ห้องสมุดวิทยาเขตสวรรค์ประชารักษ์
►หนังสือทั่วไป
บนชั้น

รายการใกล้เคียง
    ชื่อเรื่อง [การพยาบาลเด็กเพื่อการสร้างเสริมสุขภาพ/พิมพาภรณ์ กลั่นกลิ่น]

    ผู้แต่ง [พิมพาภรณ์ กลั่นกลิ่น]

BibComment


ยังไม่เคยถูกคอมเมนท์

คอมเมนท์ทรัพยากรรายการนี้
  คอมเมนท์: การพยาบาลเด็กเพื..


 Copyright 2026. Bcnsprnw @Library